В тени Wal-Mart; Учебник по конкурентной борьбе независимого розничного предприятия с сетевым гигантом: пер. с англ.

書目詳細資料
主要作者: Тейлор Д. Дон
其他作者: Арчер Д. С. Джинн Смоллинг
總結:В книге читатель найдет ответы на вопросы, которые неизбежно встанут перед представителями розничного бизнеса по мере роста сетевых предприятий. Это своего рода руководство по выживанию в условиях появления в ближайшем окружении могущественного и богатого конкурента.
語言:俄语
出版: Москва, Изд-во Жигульского, 2002
叢編:Современные розничные технологии
主題:
格式: 圖書
KOHA link:https://koha.lib.tpu.ru/cgi-bin/koha/opac-detail.pl?biblionumber=42775

MARC

LEADER 00000nam0a2200000 4500
001 42775
005 20231101210755.0
010 |a 5936790193 
035 |a (RuTPU)RU\TPU\book\44147 
090 |a 42775 
100 |a 20020917d2002 m y0rusy50 ca 
101 1 |a rus  |c eng 
102 |a RU 
105 |a a j 000zy 
200 1 |a В тени Wal-Mart  |a Учебник по конкурентной борьбе независимого розничного предприятия с сетевым гигантом  |e пер. с англ.  |f Д. Тейлор, Д. С. Арчер 
210 |a Москва  |c Изд-во Жигульского  |d 2002 
215 |a 216 с.  |c ил. 
225 1 |a Современные розничные технологии 
330 |a В книге читатель найдет ответы на вопросы, которые неизбежно встанут перед представителями розничного бизнеса по мере роста сетевых предприятий. Это своего рода руководство по выживанию в условиях появления в ближайшем окружении могущественного и богатого конкурента. 
606 |a Торговля  |x Экономика  |2 stltpush  |3 (RuTPU)RU\TPU\subj\37078  |9 58228 
610 1 |a экономика 
610 1 |a внутренняя торговля 
610 1 |a розничная торговля 
610 1 |a технологии 
610 1 |a конкуренция 
610 1 |a розничный бизнес 
610 1 |a сетевые предприятия 
610 1 |a выживание 
610 1 |a борьба 
610 1 |a продажи 
610 1 |a покупатели 
610 1 |a информация 
610 1 |a маркетинг 
610 1 |a закупки 
610 1 |a ценообразование 
610 1 |a прибыль 
610 1 |a психология 
610 1 |a управление 
610 1 |a учебные пособия 
686 |a У9(2)42я7  |v LBC/SL-A  |2 rubbk 
700 1 |a Тейлор  |b Д.  |g Дон 
701 1 |a Арчер  |b Д. С.  |g Джинн Смоллинг 
801 1 |a RU  |b 63413507  |c 20020917  |g PSBO 
801 2 |a RU  |b 63413507  |c 20211116  |g PSBO 
900 |a Управление конкурентоспособностью 
942 |c BK